书目信息 |
| 题名: |
人工湿地污水处理技术
|
|
| 作者: | 尹军 , 崔玉波 编著 | |
| 分册: | ||
| 出版信息: | 北京 化学工业出版社 2006 |
|
| 页数: | 218页 | |
| 开本: | 26cm | |
| 丛书名: | ||
| 单 册: | ||
| 中图分类: | P941.78 | |
| 科图分类: | ||
| 主题词: | 沼泽化地--污水处理 , 沼泽化地 , 污水处理 | |
| 电子资源: | ||
| ISBN: | 7-5025-8384-X | |
| 000 | 01022nam0 2200265 450 | |
| 001 | 012007404009 | |
| 005 | 20070523084947.53 | |
| 010 | @a7-5025-8384-X@dCNY38.00 | |
| 100 | @a20070516d2006 km y0chiy0120 ea | |
| 101 | 0 | @achi |
| 102 | @aCN@b110000 | |
| 105 | @ay z 000yy | |
| 106 | @ar | |
| 200 | 1 | @a人工湿地污水处理技术@Aren gong shi di wu shui chu li ji shu@f尹军,崔玉波编著@Fyin jun,cui yu bo bian zhu |
| 210 | @a北京@c化学工业出版社@d2006 | |
| 215 | @a218页@d26cm | |
| 330 | @a本书从湿地的基本概念入手,在介绍湿地土壤、湿地水力学和水质、湿地微生物和植物的基础上,结合湿地水力学和化学研究、人工湿地去除污染物的机理和模型,介绍了人工湿地在处理垃圾渗滤液、保护水源和处理各种废水中的应用,对人工湿地处理系统的设计、建设和运行管理也进行了归纳总结。 | |
| 606 | 0 | @a沼泽化地@x污水处理 |
| 606 | 0 | @a沼泽化地 |
| 606 | 0 | @a污水处理 |
| 690 | @aP941.78@v4 | |
| 701 | 0 | @a尹军@Ayin jun@f(1954.4~)@4编著 |
| 701 | 0 | @a崔玉波@Acui yu bo@c(水处理)@4编著 |
| 801 | 0 | @aCN@bRULIN@c20070523 |
| 905 | @dP941.78@e108@s8 | |
| 人工湿地污水处理技术/尹军,崔玉波编著.-北京:化学工业出版社,2006 |
| 218页;26cm |
| ISBN 7-5025-8384-X:CNY38.00 |
| 本书从湿地的基本概念入手,在介绍湿地土壤、湿地水力学和水质、湿地微生物和植物的基础上,结合湿地水力学和化学研究、人工湿地去除污染物的机理和模型,介绍了人工湿地在处理垃圾渗滤液、保护水源和处理各种废水中的应用,对人工湿地处理系统的设计、建设和运行管理也进行了归纳总结。 |
| ● |
| 相关链接 |
|
|
|
|
正题名:人工湿地污水处理技术
索取号:P941.78/108
 
预约/预借
| 序号 | 登录号 | 条形码 | 馆藏地/架位号 | 状态 | 备注 |
| 1 | 0577094 | 205770940 | 第二样本阅览室/ [索取号:P941.78/108] | 在馆 | |
| 2 | 0577095 | 205770959 | 第三借阅区/ [索取号:P941.78/108] | 在馆 | |
| 3 | 0577096 | 205770968 | 第三借阅区/ [索取号:P941.78/108] | 在馆 | |
| 4 | 0577097 | 205770977 | 第三借阅区/ [索取号:P941.78/108] | 在馆 | |
| 5 | 0577098 | 205770986 | 第三借阅区/ [索取号:P941.78/108] | 在馆 | |
| 6 | 0577099 | 205770995 | 第三借阅区/ [索取号:P941.78/108] | 在馆 | |
| 7 | 0577100 | 205771002 | 第三借阅区/ [索取号:P941.78/108] | 在馆 | |
| 8 | 0577101 | 205771011 | 第三借阅区/ [索取号:P941.78/108] | 在馆 |